[Event "Championnat de France - Open A"]
[Site "PAU"]
[Date "2012.08.25"]
[Round "11.2"]
[White "Fageot, Julien"]
[Black "Gicquel, Frederic"]
[Result "1-0"]
[WhiteElo "2078"]
[BlackElo "2194"]
[PlyCount "99"]

1. d4 Nf6 2. Nf3 c5 3. c3 e6 4. Bf4 Nc6 5. e3 d5 6. Nbd2 Bd6 7. Bg3 O-O 8. Bd3
Re8 9. Ne5 Qc7 10. Ndf3 h6 11. Nxc6 Qxc6 12. Ne5 Qc7 13. O-O Nd7 14. Qh5 Nxe5
15. dxe5 Bf8 16. Rfd1 Bd7 17. Bf4 Bc6 18. g4 Rad8 19. Qh3 g6 20. Bxh6 Qxe5 21.
Bxf8 Kxf8 22. Qg3 Qxg3+ 23. fxg3 e5 24. Kf2 Ke7 25. Be2 Rh8 26. Kg1 g5 27. Rd2
Rh6 28. Bf3 Rhd6 29. Rad1 Ke6 30. h3 b5 31. Rf1 f6 32. Bd1 a5 33. Bc2 b4 34.
Bf5+ Ke7 35. h4 Rg8 36. h5 Rh8 37. Rc1 c4 38. cxb4 axb4 39. e4 Ra8 40. exd5
Rxd5 41. Rxd5 Bxd5 42. h6 Rxa2 43. h7 Ra8 44. Kf2 Kf7 45. Rd1 Be6 46. Ra1 Bxf5
47. gxf5 Rh8 48. Ra7+ Kf8 49. Ke3 g4 50. Rb7 1-0

[Event "Championnat de France - Open A"]
[Site "PAU"]
[Date "2012.08.25"]
[Round "11.3"]
[White "Najart, David"]
[Black "Marie, Maxime"]
[Result "1-0"]
[WhiteElo "2109"]
[BlackElo "2170"]
[PlyCount "51"]

1. c4 e5 2. g3 Nf6 3. Bg2 Nc6 4. Nc3 Bb4 5. Nd5 Nxd5 6. cxd5 Ne7 7. Nf3 Bd6 8.
O-O O-O 9. e4 c6 10. d4 exd4 11. e5 Bc5 12. d6 Ng6 13. h4 f6 14. b4 Bb6 15.
Qb3+ Kh8 16. exf6 Qxf6 17. h5 Ne5 18. Nxe5 Qxe5 19. Bf4 Qxh5 20. Rae1 Bd8 21.
Re5 Qg6 22. Be4 Qxd6 23. Re8 Qxf4 24. gxf4 Rxe8 25. Qf7 Rg8 26. Bxh7 1-0

[Event "Championnat de France - Open A"]
[Site "PAU"]
[Date "2012.08.25"]
[Round "11.4"]
[White "Flachet, Thierry"]
[Black "Muratet, Lucas"]
[Result "0-1"]
[WhiteElo "2089"]
[BlackElo "2047"]
[PlyCount "114"]

1. Nf3 Nf6 2. c4 g6 3. g3 Bg7 4. Bg2 O-O 5. O-O d5 6. cxd5 Nxd5 7. Nc3 Nc6 8.
Nxd5 Qxd5 9. d3 Qh5 10. Qc2 Bh3 11. Be3 Bxg2 12. Kxg2 Rfd8 13. a3 Qd5 14. Rac1
Ne5 15. Qxc7 Nxf3 16. exf3 Bxb2 17. Rc5 Qd7 18. a4 Qxa4 19. Qxb7 Bf6 20. Rfc1
a5 21. R1c4 Qe8 22. Qb3 a4 23. Qa3 Rdb8 24. d4 e6 25. Rc7 Bd8 26. R7c6 Be7 27.
Qa2 a3 28. Bc1 Rb5 29. Rc3 Bb4 30. Rc2 Bf8 31. R2c3 Qd7 32. R6c4 Qd5 33. Rc2 h5
34. h4 Rb7 35. Be3 Rab8 36. Bc1 Rb3 37. Be3 Rb2 38. Qa1 Qb5 39. Bf4 Rb7 40. Bc1
Rb3 41. Rc8 Qd3 42. R2c3 Rxc3 43. Rxc3 Qa6 44. Qa2 Kh7 45. Kg1 Qa5 46. Rc2 Qf5
47. Kg2 Qd3 48. Be3 Rb3 49. Rd2 Qc3 50. Rc2 Qb4 51. Bd2 Qb7 52. Bc3 Be7 53. Qa1
Rb1 54. Qa2 Qb5 55. Re2 Bf8 56. Qc2 Bh6 57. g4 Rc1 0-1

[Event "Championnat de France - Open A"]
[Site "PAU"]
[Date "2012.08.25"]
[Round "11.5"]
[White "Deslias, Gregoire"]
[Black "Bach, Anatole"]
[Result "1-0"]
[WhiteElo "2075"]
[BlackElo "2032"]
[PlyCount "79"]

1. d4 Nf6 2. c4 c5 3. d5 b5 4. cxb5 a6 5. Nc3 g6 6. e4 d6 7. Nf3 Nbd7 8. a4 Bg7
9. Bd3 axb5 10. Bxb5 Ba6 11. Bxa6 Rxa6 12. Nd2 O-O 13. O-O Qa8 14. Nb5 Qb7 15.
Rb1 c4 16. Nxc4 Nxe4 17. b4 Nef6 18. Na5 Qxd5 19. Be3 Qxd1 20. Rfxd1 Rc8 21.
Rbc1 Rxc1 22. Rxc1 Nd5 23. Nc7 Nxc7 24. Rxc7 Ne5 25. Bd2 f5 26. b5 Ra8 27. b6
Kf7 28. b7 Rb8 29. Bc3 d5 30. f4 Nc4 31. Nc6 Rxb7 32. Rxb7 Bxc3 33. Rxe7+ Kg8
34. Rd7 d4 35. Nxd4 Bd2 36. Ne6 Be3+ 37. Kf1 Nb6 38. Rg7+ Kh8 39. a5 Nc8 40.
Rd7 1-0

[Event "Championnat de France - Open A"]
[Site "PAU"]
[Date "2012.08.25"]
[Round "11.6"]
[White "Aflalo, Sophie"]
[Black "Poulet, Pierre-Emmanuel"]
[Result "0-1"]
[WhiteElo "2065"]
[BlackElo "2034"]
[PlyCount "120"]

1. e4 c5 2. Nf3 e6 3. d4 cxd4 4. Nxd4 Nc6 5. Be3 Nf6 6. Bd3 d5 7. Nxc6 bxc6 8.
e5 Nd7 9. Bf4 Qb6 10. O-O Qxb2 11. Nd2 Nxe5 12. Nf3 Bd6 13. Ng5 Qb4 14. g3 Nxd3
15. Rb1 Qxb1 16. Qxb1 Nxf4 17. gxf4 Bxf4 18. Qb2 O-O 19. Nf3 Bd6 20. Qc3 c5 21.
Rb1 f6 22. Qd2 Re8 23. Qa5 e5 24. Qa4 Be6 25. Rb7 e4 26. Rxa7 Rab8 27. Nd2 Bf4
28. Nb3 Rec8 29. Kg2 Bg4 30. h4 Be5 31. Nd2 h5 32. Qa6 Kh7 33. Rb7 Ra8 34. Ra7
Rxa7 35. Qxa7 c4 36. Qa5 c3 37. Nb3 Bf3+ 38. Kh3 d4 39. Qd5 d3 40. cxd3 c2 41.
Nc1 Bg4+ 42. Kg2 Bb2 43. Qxe4+ Kh8 44. Qe1 Bxc1 45. Qxc1 Bd1 46. a4 Rb8 47. Qe3
Be2 48. a5 Bxd3 49. Qc5 Bg6 50. a6 Ra8 51. f4 Be4+ 52. Kh2 f5 53. a7 Kh7 54.
Qg1 Rxa7 55. Qg5 Ra6 56. Qg1 Rd6 57. Qa1 Rd1 58. Qe5 c1=Q 59. Qe8 Rh1+ 60. Kg3
Qe1# 0-1

[Event "Championnat de France - Open A"]
[Site "PAU"]
[Date "2012.08.25"]
[Round "11.7"]
[White "Laplanche, Denis"]
[Black "Derieux, Christian"]
[Result "1-0"]
[WhiteElo "2172"]
[BlackElo "2080"]
[PlyCount "73"]

1. d4 g6 2. e4 d6 3. f4 c6 4. Nf3 d5 5. e5 Bg4 6. Nbd2 e6 7. h3 Bxf3 8. Nxf3 h5
9. f5 exf5 10. Bd3 Na6 11. e6 f6 12. Nh4 Ne7 13. O-O Nc7 14. Qe2 Bh6 15. Nxg6
Nxg6 16. Bxf5 Be3+ 17. Bxe3 Nf8 18. Qd3 Rg8 19. Bf4 Qe7 20. Bxc7 Qxc7 21. e7
Kxe7 22. Qe2+ Kd8 23. Qxh5 Qg3 24. Rf2 Kc7 25. Qf7+ Kb6 26. a4 a5 27. b4 axb4
28. a5+ Rxa5 29. Rxa5 Kxa5 30. Qxb7 Rg7 31. Qa8+ Kb6 32. Qxf8 Ra7 33. Qxb4+ Kc7
34. Qe7+ Kb6 35. Qd8+ Kb5 36. Bd3+ Ka4 37. Qb6 1-0

[Event "Championnat de France - Open A"]
[Site "PAU"]
[Date "2012.08.25"]
[Round "11.8"]
[White "Gidel, Jean-Louis"]
[Black "Ternault, Mathieu"]
[Result "0-1"]
[WhiteElo "2102"]
[BlackElo "2138"]
[PlyCount "72"]

1. c4 c6 2. g3 d5 3. Nf3 Nf6 4. Bg2 Bg4 5. Ne5 dxc4 6. Nxg4 Nxg4 7. Na3 e5 8.
Nxc4 Qd4 9. Ne3 Nxe3 10. fxe3 Qb6 11. O-O h5 12. Qc2 h4 13. Qf5 Qc7 14. b3 hxg3
15. hxg3 g6 16. Qg4 Be7 17. Bb2 Nd7 18. Qc4 Rh7 19. Rf3 f5 20. e4 f4 21. gxf4
exf4 22. e3 fxe3 23. e5 exd2 24. Rd1 O-O-O 25. Rxd2 Nb6 26. Qe6+ Kb8 27. Rfd3
Bc5+ 28. Kf1 Rf8+ 29. Ke2 Re7 30. Qg4 a5 31. a3 Rh7 32. Kd1 Qe7 33. a4 g5 34.
Bd4 Rf4 35. Bxc5 Qxc5 36. Qxg5 Rh1+ 0-1

[Event "Championnat de France - Open A"]
[Site "PAU"]
[Date "2012.08.25"]
[Round "11.9"]
[White "Amoyal, Pierre"]
[Black "Boukhris-Ferre, Yacine"]
[Result "1-0"]
[WhiteElo "2131"]
[BlackElo "2075"]
[PlyCount "115"]

1. d4 Nf6 2. c4 g6 3. Nc3 Bg7 4. e4 d6 5. Nf3 O-O 6. Be2 e5 7. O-O exd4 8. Nxd4
Re8 9. f3 c6 10. Kh1 Nbd7 11. Nc2 Nb6 12. Bg5 h6 13. Bh4 g5 14. Bg3 Be6 15. Ne3
d5 16. cxd5 cxd5 17. Nb5 Nh5 18. Bc7 Qe7 19. Bd6 Qd7 20. e5 Nc8 21. Nc7 Nxd6
22. exd6 Qxd6 23. Nxa8 Rxa8 24. Qd2 Rd8 25. Rad1 Nf4 26. Bc4 d4 27. Bxe6 Qxe6
28. g3 Re8 29. Ng4 Nd5 30. b3 Qc6 31. Rde1 f5 32. Rxe8+ Qxe8 33. Nf2 Qe3 34.
Qd3 f4 35. Kg1 Nc3 36. a4 Ne2+ 37. Kg2 Nc3 38. Qc4+ Kh7 39. Ng4 Qe2+ 40. Qxe2
Nxe2 41. Nf2 fxg3 42. hxg3 Nc3 43. Nd3 Kg6 44. Re1 Nd5 45. Re8 Kf5 46. Rb8 b6
47. Rb7 Bf6 48. Rxa7 Be7 49. a5 bxa5 50. Rxa5 Ke6 51. Ra6+ Bd6 52. Nc5+ Ke7 53.
Ne4 Bb4 54. Rxh6 g4 55. f4 d3 56. Kf2 Ba5 57. f5 Bb6+ 58. Rxb6 1-0

[Event "Championnat de France - Open A"]
[Site "PAU"]
[Date "2012.08.25"]
[Round "11.10"]
[White "Roger, Mehdi"]
[Black "Feryn, Alexandre"]
[Result "1-0"]
[WhiteElo "2097"]
[BlackElo "2128"]
[PlyCount "79"]

1. Nf3 Nf6 2. c4 g6 3. Nc3 Bg7 4. e4 d6 5. d4 O-O 6. h3 c6 7. Bg5 h6 8. Be3 Kh7
9. Qd2 a6 10. Bd3 b5 11. e5 Ng8 12. O-O Bf5 13. Bxf5 gxf5 14. Qc2 e6 15. Ne2
Ne7 16. Nf4 Ng6 17. Nh5 dxe5 18. Nxg7 e4 19. Nxf5 exf3 20. Ng3 f5 21. gxf3 Qh4
22. Kh2 f4 23. cxb5 axb5 24. Rg1 fxe3 25. fxe3 Ra7 26. f4 Rg7 27. Rg2 Kh8 28.
Qe4 Rf6 29. Rag1 Nd7 30. Nh1 Ndf8 31. Rg4 Qh5 32. Qxc6 Rff7 33. Ng3 Qd5 34.
Qxd5 exd5 35. Nh5 Rg8 36. Rc1 Nd7 37. Rc6 Kh7 38. Rd6 Ngf8 39. Rxg8 Kxg8 40.
Kg3 1-0